The diary of Virginia Woolf / (Record no. 123495)
[ view plain ]
| 000 -LEADER | |
|---|---|
| fixed length control field | 00988mam a2200301 i 4500 |
| 001 - CONTROL NUMBER | |
| control field | 62487 |
| 003 - CONTROL NUMBER IDENTIFIER | |
| control field | ARRUPE |
| 005 - DATE AND TIME OF LATEST TRANSACTION | |
| control field | 20151012094614.0 |
| 008 - FIXED-LENGTH DATA ELEMENTS--GENERAL INFORMATION | |
| fixed length control field | 770929m19771984enkj 001 0aeng |
| 010 ## - LIBRARY OF CONGRESS CONTROL NUMBER | |
| LC control number | 77365910 |
| 020 ## - INTERNATIONAL STANDARD BOOK NUMBER | |
| International Standard Book Number | 0701204249 (v. 1) : |
| Terms of availability | £8.50 (v. 1) |
| 035 ## - SYSTEM CONTROL NUMBER | |
| System control number | (OCoLC)3039910 |
| 035 ## - SYSTEM CONTROL NUMBER | |
| System control number | (OCoLC)ocm03039910 |
| 035 ## - SYSTEM CONTROL NUMBER | |
| System control number | (CStRLIN)NYCG8143889-B |
| 035 ## - SYSTEM CONTROL NUMBER | |
| System control number | (NNC)62487 |
| 040 ## - CATALOGING SOURCE | |
| Original cataloging agency | DLC |
| Transcribing agency | DLC |
| Modifying agency | DLC |
| 050 00 - LIBRARY OF CONGRESS CALL NUMBER | |
| Classification number | PR6045.O72 |
| Item number | Z494 |
| 082 00 - DEWEY DECIMAL CLASSIFICATION NUMBER | |
| Classification number | 828/.91203 |
| -- | B |
| Edition number | 19 |
| 300 ## - PHYSICAL DESCRIPTION | |
| Dimensions | 24 cm. |
| 100 1# - MAIN ENTRY--PERSONAL NAME | |
| Personal name | Woolf, Virginia, |
| Dates associated with a name | 1882-1941. |
| 9 (RLIN) | 20211 |
| 245 04 - TITLE STATEMENT | |
| Title | The diary of Virginia Woolf / |
| Statement of responsibility, etc | introduced by Quentin Bell ; edited by Anne Olivier Bell. |
| 260 ## - PUBLICATION, DISTRIBUTION, ETC. (IMPRINT) | |
| Place of publication, distribution, etc | London : |
| Name of publisher, distributor, etc | Hogarth Press, |
| Date of publication, distribution, etc | 1977-1980. |
| 300 ## - PHYSICAL DESCRIPTION | |
| Extent | xxviii, 356p.; |
| 500 ## - GENERAL NOTE | |
| General note | Includes indexes. |
| 505 0# - FORMATTED CONTENTS NOTE | |
| Formatted contents note | v. 1. 1915-1919.--v. 2. 1920-1924.--v. 3. 1925-1930.--v. 4. 1931-1935.--v. 5. 1936-1941. |
| 600 10 - SUBJECT ADDED ENTRY--PERSONAL NAME | |
| Personal name | Woolf, Virginia, |
| Dates associated with a name | 1882-1941 |
| Form subdivision | Diaries. |
| 9 (RLIN) | 20216 |
| 942 ## - ADDED ENTRY ELEMENTS (KOHA) | |
| Source of classification or shelving scheme | Library of Congress Classification |
| Koha item type | Monograph ( Printed materials) |
| Withdrawn status | Lost status | Source of classification or shelving scheme | Damaged status | Not for loan | Collection code | Home library | Current library | Shelving location | Date acquired | Total Checkouts | Full call number | Barcode | Date last seen | Copy number | Price effective from | Koha item type |
|---|---|---|---|---|---|---|---|---|---|---|---|---|---|---|---|---|
| Library of Congress Classification | Main Collection | ARRUPE LIBRARY | ARRUPE LIBRARY | Main Collection | 12/10/2015 | PR6045.O72Z494 | 46500005537 | 12/10/2015 | v.1 1915-1919 | 12/10/2015 | Monograph ( Printed materials) | |||||
| Library of Congress Classification | Main Collection | ARRUPE LIBRARY | ARRUPE LIBRARY | Main Collection | 12/10/2015 | PR6045.O72Z494 | 46500005538 | 12/10/2015 | v.2 1920-1924 | 12/10/2015 | Monograph ( Printed materials) | |||||
| Library of Congress Classification | Main Collection | ARRUPE LIBRARY | ARRUPE LIBRARY | Main Collection | 12/10/2015 | PR6045.O72Z494 | 46500005454 | 12/10/2015 | v. 3 1925-1930 | 12/10/2015 | Monograph ( Printed materials) | |||||
| Library of Congress Classification | Main Collection | ARRUPE LIBRARY | ARRUPE LIBRARY | Main Collection | 12/10/2015 | PR6045.O72Z494 | 46500005455 | 12/10/2015 | v.4 1931-1935- . | 12/10/2015 | Monograph ( Printed materials) | |||||
| Library of Congress Classification | ARRUPE LIBRARY | ARRUPE LIBRARY | 15/12/2015 | PR6045.O72 Z494 | 46500005680 | 15/12/2015 | v.5 1936-1941 | 15/12/2015 | Monograph ( Printed materials) |